| 000 | 00413cam a2200169ua 4500 | ||
|---|---|---|---|
| 020 | _c2.00 | ||
| 041 |
_amal _h |
||
| 082 |
_a894.8122 _bNAN/MA |
||
| 100 | _aNandakumar, V T . | ||
| 245 |
_aMazhakkalathu mazha peyyum / _cV T Nandakumar. _hTextual Documents |
||
| 260 |
_aThrissur : _bCurrent Books , _c1958. |
||
| 300 | _a108 ; . | ||
| 365 | _a2.00 | ||
| 504 | _a | ||
| 942 | _cBK | ||
| 999 |
_c5930 _d5930 |
||